000 00389 a2200157 4500
001 163679
020 _a
040 _cMagnum
100 _aForeman, Peter
240 1 0 _aYour money or your life ! and other strange tales
_lING
245 1 0 _aYour money or your life ! and other strange tales
362 0 _a1899
440 1 _aScipione
697 _aLITERATURA ESTRANGEIRA
942 _cBK
999 _c163679
_d163679